000 03340nam a2200553 c 4500
003 BLK
005 20250603155303.0
008 180409b bul|||||r ||||||| ||bul||
010 _aKNG00138517000
040 _aBLK
041 _aBUL
_cBUL
080 _aЧетене. Ръководство на четенето
_b028
_x
_z028
100 1 _aСерафимова, Анна
_eпърви автор
_9265746
700 1 _aГергова, Ани Атанасова
_eсъстав. и ред.
_9364426
700 1 _aСапарев, Огнян Стефанов
_e*
_9363922
700 _aБогданов, Богдан Иванов
_d1940 - 2016
_gФилолог. Преводач от старогръцки език.
_9363777
700 1 _aЯнакиева, Татяна Ганева
_e*
_9373679
700 1 _aШуманова, Нина Стоянова
_e*
_9367976
700 1 _aАргирова-Герасимова, Мария Иванова
_e*
_9378399
700 1 _aМитов, Здравко
_e*
_9323397
700 1 _aДимов, Веселин Н.
_e*
_9323398
700 1 _aРандев, Панайот А.
_e*
_9378400
700 1 _aВълкова, Мария
_e*
_9323399
700 1 _aПопова, Мария
_e*
_9368252
700 1 _aДеянов, Петър
_e*
_9378401
700 1 _aКаменов, Стефан Г.
_e*
_9378402
700 1 _aНедкова, Константина
_e*
_9323400
700 1 _aХаджиева, Ангелка
_e*
_9378403
700 1 _aДинева, Мария
_e*
_9323401
700 1 _aБонев, Христо
_e*
_9323402
700 1 _aМиронова, Петя
_e*
_9323403
139 _aЧетене и читатели
_bЧ 75
245 1 0 _aЧетене и читатели
_bМетодол. и метод. проблеми на изследванията : Сб.
_cАнна Серафимова; състав. и ред. Ани Атанасова Гергова; * Огнян Стефанов Сапарев; * Богдан Иванов Богданов; * Татяна Ганева Янакиева; * Нина Стоянова Шуманова; * Мария Иванова Аргирова-Герасимова; * Здравко Митов; * Веселин Н. Димов; * Панайот А. Рандев; * Мария Вълкова; * Мария Попова; * Петър Деянов; * Стефан Г. Каменов; * Константина Недкова; * Ангелка Хаджиева; * Мария Динева; * Христо Бонев; * Петя Миронова.
257 _aBGR
260 София
_bНИИ по културата
_c1990
300 _a316 с.
_c17 см
380 _a0
500 _aДруги авт. са отбелязани в библиогр. каре. - Изд. на М-во на културата. НИИ по културата. - 500 тир. - Библиогр. след отд. материали. - Именен показалец
650 4 _aЧетене
_9177539
653 _aчетене
653 _aчитатели
653 _aизследвания
852 _aЦб І 25067
856 4 _qpdf
_u
856 4 _qpdf
_u
942 _cKNG
_n0
_01
944 _aCR
_c26.01.2013
_lГеновева Генчева
_k30560
944 _aED
_c26.01.2013
_l26.01.2013 - от С1,Р / 26.01.2013
_k
999 _c132644
_d132644